000 00526nam a2200193 a 4500
001 3668
003 CO-ViMGA
008 141112s2004 ck r 000 u spa d
040 _aCO-ViMGA
_bspa
_cCO-ViMGA
082 0 4 _a302.23 M258m
100 1 _aMeluhan, Marshall
_953691
245 1 0 _aEl medio es el mensaje :
_bun inventario de efectos
260 _aBarcelona :
_bPaidós,
_c1995
300 _a167 p : il
490 _aPaidós studio, 65
650 1 4 _aCOMUNICACION DE MASAS
650 1 4 _aMENSAJES
_953693
942 _2ddc
_cBK
999 _c15705
_d15705